000
00330nam a22001337a 4500
008
251013b |||||||| |||| 00| 0 eng d
020
_a
81-85015-58-9
100
_a
C. J. Date
245
_a
An Introduction to Database Systems 3rd Ed.
250
_a
3rd Ed.
260
_a
New Delhi
_b
NPH
_c
1993
300
_a
580
942
_2
ddc
_c
BK
999
_c
21570
_d
21570